000 00444nam a22001697a 4500
005 20180814153358.0
008 160524b xxu||||| |||| 00| 0 eng d
020 _a0-07-049538-6
041 _aeng
082 _b4576
_a658.4012
100 _aThompson, Arthur A. & Strickland III, A. J.
_94816
245 _aStrategic Management
260 _aNew Delhi
_bAcademic Faundation
_c2004
300 _a678
650 _aManagement
_9241
942 _cBK
999 _c1534
_d1533